00676nam a22002057a 4500003000400000008004100004082001700045100001500062245011700077260006700194300001000261502001700271650001700288650001100305650001100316650001100327942001100338999001700349952010400366OSt260430b |||||||| |||| 00| 0 eng d a633.84bA27S aAjay Kumar aStudies on Heterosis and Combining Ability in F1 and F2 Population in Chilli (capsicum annuum L.)cby Ajay Kumar a.- Sabour, Bhagalpurb: Bihar Agricultural College, RAUc,1992 a157p. bPh. D.d1992 aHorticulture aChilli aThesis aPh. D. 2ddccT c50318d50318 00102ddc4070aRAUbRAUd2026-04-30g0.00l0o633.84 A27Sp43781r2026-04-30w2026-04-30yTkGift